000 00986nas a2200325 4500
001 BR0903008
003 BR-BrBNA
005 20231205113413.0
007 ta
008 230509b bl.|||p| |||| 00| 00por d
040 _aBR-BrBNA
_bpor
_cBiblioteca Nacional de Agricultura
041 _a(Pt)
072 _aF04
100 1 _aDias, R.
100 1 _aMelo, B. de
100 1 _aRufino, M. de A.
100 1 _aSilveira, D.L.
100 1 _aMorais, T.P. de
100 1 _aSantana, D.G. de
245 1 _aFontes e proporção de material orgânico para a produção de mudas de cafeeiro em tubetes
650 _aCAFE
650 _aMUDA
650 _aMATERIA ORGANICA
650 _aADUBAÇÃO
650 _aSUBSTRATO DE CULTURA
773 0 _tCiência e Agrotecnologia (Brazil)
_xISSN 1413-7054
_g(May-Jun 2009), v. 33(3) p. 758-764
_wBR0903008
856 4 0 _uhttp://www.aprh.pt/rgci/pdf/rgci-155_Borges.pdf
909 _a202311
_bLúcia
_c55
_dLúcia Elande
942 _2AGRIS
_n0
_cANA
999 _c203594
_d203594